Phân tích các nhân tố ảnh hưởng đến lòng trung thành của người lao động tại công ty cổ phần Trà Bắc Luận văn thạc sĩ. Chuyên ngành: Quản trị Kinh doanh. Mã ngành: 60340102

Αποθηκεύτηκε σε:
Λεπτομέρειες βιβλιογραφικής εγγραφής
Κύριος συγγραφέας: Nguyễn, Thị Thanh Xuân
Άλλοι συγγραφείς: Nguyễn Thị Thanh Xuân; Huỳnh Quang Linh
Γλώσσα:Undetermined
Έκδοση: Trà Vinh Đại học Trà Vinh 2018
Ετικέτες: Προσθήκη ετικέτας
Δεν υπάρχουν, Καταχωρήστε ετικέτα πρώτοι!
Thư viện lưu trữ: Trung tâm Học liệu Trường Đại học Trà Vinh
LEADER 00935nam a2200253Ia 4500
001 TVU_28421
008 210423s9999 xx 000 0 und d
041 |a Vie 
082 |a 658.3 
082 |b X502 
100 |a Nguyễn, Thị Thanh Xuân 
245 0 |a Phân tích các nhân tố ảnh hưởng đến lòng trung thành của người lao động tại công ty cổ phần Trà Bắc 
245 0 |b Luận văn thạc sĩ. Chuyên ngành: Quản trị Kinh doanh. Mã ngành: 60340102 
245 0 |c Nguyễn Thị Thanh Xuân ; Huỳnh Quang Linh (hướng dẫn khoa học) 
260 |a Trà Vinh 
260 |b Đại học Trà Vinh 
260 |c 2018 
300 |a i-ix, 77 tr. 
300 |b minh họa màu 
300 |c 30 cm 
504 |a Thư muc: tr.75-77 
700 |a Nguyễn Thị Thanh Xuân; Huỳnh Quang Linh  
700 |e hướng dẫn khoa học 
980 |a Trung tâm Học liệu Trường Đại học Trà Vinh